Дворянство, власть и общество в провинциальной России XVIII века (Запись № 3150879)
[ простой вид ]
| 000 -МАРКЕР | |
|---|---|
| контрольное поле | 01955nam0a2200373 i 4500 |
| 001 - ИДЕНТИФИКАТОР ЗАПИСИ | |
| контрольное поле | RU\NLR\bibl\1919567 |
| 005 - ИДЕНТИФИКАТОР ВЕРСИИ | |
| контрольное поле | 20241114225920.0 |
| 010 ## - МЕЖДУНАРОДНЫЙ СТАНДАРТНЫЙ НОМЕР КНИГИ (ISBN) | |
| Номер (ISBN) | 9785867939748 |
| Тираж | 1000 |
| 021 ## - НОМЕР ГОСУДАРСТВЕННОЙ РЕГИСТРАЦИИ | |
| Код страны | российская федерация |
| Номер | 2012-41904 |
| Номер Листа государственной регистраци | 3104 |
| 035 ## - ДРУГИЕ СИСТЕМНЫЕ НОМЕРА | |
| Идентификатор записи | (NLR Aleph) 001909041 |
| 100 ## - ДАННЫЕ ОБЩЕЙ ОБРАБОТКИ | |
| Данные общей обработки | 20120629d2012 k y0rusy50 ca |
| 101 0# - ЯЗЫК РЕСУРСА | |
| Язык текста, звукозаписи и т.д. | русский |
| 102 ## - СТРАНА ПУБЛИКАЦИИ ИЛИ ПРОИЗВОДСТВА | |
| Страна публикации | российская федерация |
| 105 ## - ПОЛЕ КОДИРОВАННЫХ ДАННЫХ: ТЕКСТОВЫЕ МАТЕРИАЛЫ, МОНОГРАФИЧЕСКИЕ | |
| Кодированные данные о монографическом текстовом документе | a ||||||||| |
| 200 1# - ЗАГЛАВИЕ И СВЕДЕНИЯ ОБ ОТВЕТСТВЕННОСТИ | |
| Основное заглавие | Дворянство, власть и общество в провинциальной России XVIII века |
| Сведения, относящиеся к заглавию | [сборник трудов Конференции, апрель 2009 года] |
| 210 ## - ПУБЛИКАЦИЯ, РАСПРОСТРАНЕНИЕ И ДР. | |
| Место издания, распространения и т.д. | Москва |
| Имя издателя, распространителя и т. д. | Новое литературное обозрение |
| Дата издания, распространения и т.д. | 2012 |
| 215 ## - ФИЗИЧЕСКАЯ ХАРАКТЕРИСТИКА | |
| Специфическое обозначение материала и объем | 652 с. |
| Другие сведения о физической характеристике | ил. |
| Размеры | 23 |
| 225 1# - СЕРИЯ | |
| Основное заглавие серии | Historia Rossica |
| 225 1# - СЕРИЯ | |
| Основное заглавие серии | Studia Europaea |
| Сведения, относящиеся к заглавию | совместный проект Германского исторического института в Москве и издательства "Новое литературное обозрение" |
| Сведения об ответственности | ред.: Д. Сдвижков, И. Ширле |
| 320 ## - ПРИМЕЧАНИЯ О НАЛИЧИИ В ДОКУМЕНТЕ БИБЛИОГРАФИИ / УКАЗАТЕЛЯ | |
| Текст примечания | Библиогр. в подстроч. примеч. |
| 320 ## - ПРИМЕЧАНИЯ О НАЛИЧИИ В ДОКУМЕНТЕ БИБЛИОГРАФИИ / УКАЗАТЕЛЯ | |
| Текст примечания | Указатели: с. 630-650 |
| 606 1# - НАИМЕНОВАНИЕ ТЕМЫ КАК ПРЕДМЕТ | |
| Наименование темы | Дворянство |
| Формальный подзаголовок | Съезды, совещания и т.п. |
| Географический подзаголовок | Россия |
| Хронологический подзаголовок | 18 в. |
| Системный номер авторитетной/нормативной записи | 2078659 |
| Идентификатор авторитетной/нормативной записи | RU\NLR\auth\661254521 |
| 606 ## - НАИМЕНОВАНИЕ ТЕМЫ КАК ПРЕДМЕТ | |
| Наименование темы | Провинция |
| Формальный подзаголовок | Съезды, совещания и т.п. |
| Тематический подзаголовок | История |
| Географический подзаголовок | Россия |
| Хронологический подзаголовок | 18 в. |
| Системный номер авторитетной/нормативной записи | 2603229 |
| Идентификатор авторитетной/нормативной записи | RU\NLR\auth\661539787 |
| 686 ## - ИНДЕКСЫ ДРУГИХ КЛАССИФИКАЦИЙ | |
| Индекс | Т3(2)46-286я431 |
| 686 ## - ИНДЕКСЫ ДРУГИХ КЛАССИФИКАЦИЙ | |
| Индекс | Т3(2)46я431 |
| 711 12 - НАИМЕНОВАНИЕ ОРГАНИЗАЦИИ - АЛЬТЕРНАТИВНАЯ ОТВЕТСТВЕННОСТЬ | |
| Начальный элемент ввода | "Дворянство, власть и общество в провинциальной России XVIII века", международная научная конференция |
| Место проведения временной организации | Москва |
| Дата проведения временной организации | 2009 |
| Системный номер авторитетной/нормативной записи | 801467 |
| Идентификатор авторитетной/нормативной записи | RU\NLR\AUTH\880567470 |
| 801 #0 - ИСТОЧНИК ЗАПИСИ | |
| Страна | российская федерация |
| Организация | NLR |
| Дата составления | 20120629 |
| Правила каталогизации | RCR |
| 801 #1 - ИСТОЧНИК ЗАПИСИ | |
| Страна | российская федерация |
| Организация | NLR |
| Дата составления | 20120629 |
| 942 ## - ДОПОЛНИТЕЛЬНЫЕ ЭЛЕМЕНТЫ ЗАПИСИ (АБИС) | |
| Тип экземпляра АБИС | Книга |
| 980 ## - КОЛЛЕКЦИЯ | |
| Название коллекции | НБР |
Нет доступных экземпляров.